| 000 | 01693nam0a22003971 4500 | ||
|---|---|---|---|
| 001 | v19\rc\1853742 | ||
| 005 | 20251118180125.0 | ||
| 035 | _a(NLR Aleph) 004948546 | ||
| 090 |
_a5857615 _c5857615 |
||
| 100 | _a20080221d1909 u y0rusy50 ca | ||
| 101 | 0 | _arus | |
| 102 | _aRU | ||
| 105 | _ay z ||||| | ||
| 200 | 1 |
_aПравовое государство и внешняя политика _e[Дис.] _fС.А. Котляревский |
|
| 210 |
_aМосква _cтип. Г. Лисснера и Д. Собко _d1909 |
||
| 215 |
_a[4], 428 с. _d26 |
||
| 311 | _aТезисы к диссертации... (шифры: 38.77.3.12; 1/392) | ||
| 421 | 0 |
_11010#$arus _12001#$aТезисы к диссертации... _1215##$a4 с. _1899##$aNLR$j38.77.3.12 _1899##$aNLR$j1/392 _1899##$aRuMoRGB$jW 233/7 _1899##$aRuMoRGB$jM 108/8 _1899##$aRuMoRGB$jСав 7/143 _1899##$aRuMoRGB$jКл 1/336 _1899##$aБАН _1899##$aНБ СПбГУ _1899##$aГПИБ _1899##$aНБ МГУ _tТезисы к диссертации... |
|
| 532 | 1 | 3 | _aПравовое государство и внешняя политика |
| 700 | 1 |
_7ca _8rus _aКотляревский _bС. А. _f1873-1939 _gСергей Андреевич _9265820 _3RU\NLR\AUTH\770265876 |
|
| 801 | 0 |
_aRU _bNLR _gpsbo |
|
| 801 | 0 |
_aRU _bRuMoRGB _2psbo |
|
| 801 | 1 |
_aRU _bProSoft-M _2rusmarc |
|
| 852 |
_aNLR _j38.77.3.12 |
||
| 852 |
_aNLR _j1/392 |
||
| 899 |
_aRuMoRGB _jW 233/7 |
||
| 899 |
_aRuMoRGB _jM 108/8 (тезисы) |
||
| 899 |
_aRuMoRGB _jСав 7/143 |
||
| 899 |
_aRuMoRGB _jКл 1/336 |
||
| 899 | _aБАН | ||
| 899 | _aНБ СПбГУ | ||
| 899 | _aГПИБ | ||
| 899 | _aНБ МГУ | ||
| 942 | _cBOOK | ||
| 980 | _aNB | ||